000 00603nam a2200229Ia 4500
003 OSt
005 20221007071714.0
006 a|||||r|||| 00| 0
007 ta
008 221006b |||||||| |||| 00| 0 eng d
024 _a14,788
037 _cTextual
040 _aFLL
_cFLL
_beng
041 _2eng
_aeng
082 _aV2:1:M5, A
100 _aBriggs John Au.
_9155425
245 0 _aIndia and Europe compared
260 _aLondon
_bGeroge Routledge & Sons London
_c1857
300 _a262p
_ccm.
942 _hV2:1:M5, A
_cTEXL
_2CC
999 _c1144038
_d1144038